000 05449nam0a22004691 4500
001 v19\rc\1189657
005 20260407113031.0
035 _a(NLR Aleph) 005187457
090 _a5178717
_c5178717
100 _a20051201d1827 |||y0rusy50 ca
101 0 _arus
102 _aRU
135 _acrcn 024anaba
140 _ay y ia yaa0000
200 1 _aВторой подарок критику за статью, помещенную в 6 № журнала: Сын Отечества, 1827 года, на книгу [Я. В. Толмачева]: Военное красноречие
210 _aСанктпетербург
_cв типографии Медицинскаго департамента Министерства внутренних дел
_d1827
215 _a25, [1] с.
_d
300 _aАвт. в кн. не указан; установлен по изд.: Рус. аноним. и подпис. псевд. произведения печати, 1801-1926. Л., 1977. Вып. 1. С. 45
300 _aЦенз.: И. Я. Ветринский, 8 июня 1827 г.
300 _aПредположительно, кн. изд. вместе с др. кн. Я. В. Толмачева: "Третий подарок г. издателю журнала: Сын Отечества за статью, помещенную им в № 61 Северной пчелы на Первый подарок критику" (СПб., 1827). Обе кн. содержат одинаковые цензурные разрешения. В "Третьем подарке" сигнатура продолжается
316 _aЭкз. РНБ (18.50.6.32) является частью владельч. конволюта. Припл. к: Толмачев Я.В. Подарок критику за статью, помещенную в 5 № журнала: Сын Отечества, 1827 года, содержащую подделки, утайки и другие метаморфозы текста книги [Я. В. Толмачева]: Военное красноречие (СПб., 1827). Размер: 21,0х13,5х1,3 см
_5NLR: 18.50.6.32
321 1 _aСмирд. 6565
325 _aКопия доступна в Электрон. б-ке РНБ
423 0 _1001v19\rc\1189659
_12001#$aТретий подарок г. издателю журнала: Сын Отечества за статью, помещенную им в № 61 Северной пчелы на Первый подарок критику
_1210##$aСанктпетербург$cв типографии Медицинскаго департамента Министерства внутренних дел$d1827
_93325652
_aТолмачев, Я. В. (1780-1873)
_cСанктпетербург
_d1827
_nв типографии Медицинскаго департамента Министерства внутренних дел
_p[4], 18, 3, [5] с.
_tТретий подарок г. издателю журнала: Сын Отечества за статью, помещенную им в № 61 Северной пчелы на Первый подарок критику
_uhttps://vivaldi.nlr.ru/bx000027678/view
482 0 _1001v19\rc\1189658
_12001#$aПодарок критику за статью, помещенную в 5 № журнала: Сын Отечества, 1827 года, содержащую подделки, утайки и другие метаморфозы текста книги [Я. В. Толмачева]: Военное красноречие
_1210##$aСанктпетербург$cв типографии Медицинскаго департамента Министерства внутренних дел$d1827
_95178727
_aТолмачев, Я. В. (1780-1873)
_cСанктпетербург
_d1827
_nв типографии Медицинскаго департамента Министерства внутренних дел
_p[2], 72 с.
_tПодарок критику за статью, помещенную в 5 № журнала: Сын Отечества, 1827 года, содержащую подделки, утайки и другие метаморфозы текста книги [Я. В. Толмачева]: Военное красноречие
620 _dСанкт-Петербург
700 1 _aТолмачев
_bЯ. В.
_f1780-1873
_gЯков Васильевич
702 1 _4190
_7ca
_8rus
_aВетринский
_bИ. Я.
_f1787-1849
_gИродион Яковлевич
_9260871
_3RU\NLR\AUTH\770260927
712 0 1 _4610
_aРоссия
_bМинистерство внутренних дел
_bМедицинская типография
_3RU\NLR\AUTH\889942197
_9379251
801 0 _aRU
_bNLR
_c20051201
_gpsbo
801 0 _aRU
_bRuMoRGB
_c20051201
_2psbo
801 1 _aRU
_bProSoft-M
_c20051201
_2rusmarc
801 2 _aRU
_bNLR
_c20051213
_2rusmarc
852 _aNLR
_j18.50.6.32
942 _cBOOK
980 _aNB
981 3 3 _a(33) Художественная литература
_b(33) Отечественная литература
981 2 0 _a(20) Книжные памятники РНБ
_b(20) Русский книжный фонд